000 00584nam a2200229Ia 4500
003 OSt
005 20221007080700.0
006 a|||||r|||| 00| 0
007 ta
008 221006b |||||||| |||| 00| 0 eng d
024 _a19,269
037 _cTextual
040 _aFLL
_cFLL
_beng
041 _2eng
_aeng
082 _aZ:91, H2
100 _aGurvitch Georges
245 0 _aSociology of law
260 _aNew York
_bAlliance Book Corporation USA
_c1942
300 _a309p
_ccm.
942 _hZ:91, H2
_cTEXL
_2CC
999 _c1160530
_d1160530